| 000 | 00884nam a2200229 i 4500 | ||
|---|---|---|---|
| 001 | 131176 | ||
| 003 | ES-MaACL | ||
| 005 | 20250920063101.0 | ||
| 007 | t| | ||
| 008 | 160125s2001 sp r ||||1| spa d | ||
| 020 | _a84-8191-383-9 | ||
| 080 | _a821.134.2-14"19" | ||
| 080 | _a929 Mandel'shtam, Osip Émil'evich (0:82) | ||
| 100 | 1 |
_aPérez Leal, Agustín, _d1965- _9158572 |
|
| 245 | 1 | 0 |
_aCuarto cuaderno o Libro de Siberia : _bel cual contiene la terrible y pesarosa historia del desdichado poeta Osip Emiliévich Mandelstam muerto en el campo de Vtoráia Riechka en el mes de diciembre de 1938 / _cAgustín Pérez Leal. |
| 250 | _a1ª ed. | ||
| 260 |
_aValencia : _bPre-Textos, _c2001. |
||
| 300 |
_a58 p. ; _c21 cm. |
||
| 600 | 1 | 4 |
_aMandel'shtam, Osip ( _d1891-1938) _975952 |
| 852 |
_aES-MaACL _jL-30186 _z.- Donat. Miguel A. Velasco |
||
| 999 |
_c131176 _d131176 |
||